| 000 | 00413nam a2200145Ia 4500 | ||
|---|---|---|---|
| 008 | 210210b1992 xxu||||| |||| 00| 0 eng d | ||
| 082 | _a378.025 ASSU | ||
| 100 | _aASSOCIATION OF INDIAN UNIVERSITIES. | ||
| 245 | _aUniversities handbook 1992. | ||
| 260 |
_aN D _bAssociation of indian universities _c1992 |
||
| 300 | _axxiii,1255 | ||
| 650 | _aUniversity Handbook | ||
| 690 | _aHigher Education | ||
| 906 | _a047526 | ||
| 999 |
_c96735 _d96735 |
||